[Event "Satka Autumn 2018"]
[Site "Satka"]
[Date "2018.09.19"]
[Round "9"]
[White "Makarenko, Alexandra"]
[Black "Charochkina, Daria"]
[Result "0-1"]
[WhiteElo "2247"]
[BlackElo "2336"]
[Annotator "TA"]
[PlyCount "79"]
[EventDate "2018.09.11"]
[EventType "swiss"]
[EventCountry "RUS"]
[SourceTitle "playchess.com"]
[Source "ChessBase"]
[SourceQuality "1"]

{[%evp 19,79,29,32,0,0,-16,-7,-109,-109,-117,-108,-110,-106,-232,-221,-272,-341,-333,-331,-327,-334,-301,-313,-394,-390,-472,-466,-507,-340,-807,-773,-825,-844,-859,-847,-912,-808,-856,-864,-1041,-1031,-1553,-1535,-2473,-2331,-6134,-3108,-29984,-29980,-29979,-29980,-29982,-29968,-29968,-29969,-29969,-29970,-29970,-29972,-29972,-29971,-29972]} 1. e4 d5 2. exd5 Qxd5 3. Nc3 Qd6 4. d4 Nf6 5. Nb5 (5. a3 c6 6. Bc4 Be6 7. Bxe6 Qxe6+ 8. Nge2 Qd7 9. O-O e6 10. Ng3 Be7 11. Nce4 Nxe4 12. Nxe4 Qd5 {0-1 (38) Mamedov,R (2709)-Carlsen,M (2834) chess.com INT 2018}) 5... Qb6 6. c4 {[%cal Bc2c4,Bc4c5][%mdl 32] B01: Scandinavian Defence} c6 7. c5 Qd8 8. Nc3 g6 9. Bc4 Bg7 10. Nf3 $146 ({Predecessor:} 10. d5 Nxd5 11. Nxd5 cxd5 12. Qxd5 Qxd5 13. Bxd5 {0-1 (31) Middleton,D-Nurmi,R (1651) ICCF email 2011}) 10... O-O {LiveBook: 12 Games} 11. Ne5 Nfd7 12. f4 b6 13. b4 (13. cxb6 $11 {keeps the balance.} Nxb6 14. Bb3) 13... a5 $17 14. O-O axb4 15. Ne4 {Nxf7 is the strong threat.} Nxe5 16. fxe5 (16. dxe5 $17 {only move.} Qxd1 17. Rxd1) 16... Ba6 $1 $19 {[%cal Ra6c4]} 17. Bxf7+ Rxf7 18. Rxf7 Kxf7 19. Ng5+ {[#]} Kg8 $1 20. Ne6 {[#]} Qd7 $1 {[%cal Rd7e6]} 21. Qb3 bxc5 22. Nxg7+ c4 {[%cal Bc5c4,Bc4c3][%mdl 32]} ({Resist} 22... Kxg7 23. Bb2 $19) 23. Qe3 {White hopes to continue with e6.} Kxg7 24. Qh6+ $2 (24. e6 Qd5 25. Qf2 Qxe6 26. Bg5) 24... Kg8 25. Be3 c3 26. Re1 e6 27. h4 Qg7 28. Qf4 Nd7 29. Qg4 Bc4 30. h5 gxh5 31. Qxh5 Rxa2 {[%csl Ga2][%cal Rg7g2]} 32. Bf2 Bd5 {[%csl Gd5][%cal Rg7g2]} 33. g3 Qg6 {Black mates.} 34. Qh4 Qf5 {[%csl Ga2][%cal Rf5f2]} 35. g4 {[#]} Qxf2+ $1 36. Qxf2 Rxf2 37. Kxf2 b3 {[%cal Bb4b3,Bb3b2][%mdl 32]} 38. Ke3 b2 39. Kd3 Ba2 40. Rh1 {Precision: White = 39%, Black = 96%.} 0-1

[Event "Satka Autumn 2018"]
[Site "Satka"]
[Date "2018.09.19"]
[Round "9"]
[White "Smirnova, Ekaterina"]
[Black "Simakova, Elena"]
[Result "1-0"]
[WhiteElo "2202"]
[BlackElo "1935"]
[Annotator "TA"]
[PlyCount "79"]
[EventDate "2018.09.11"]
[EventType "swiss"]
[EventCountry "RUS"]
[SourceTitle "playchess.com"]
[Source "ChessBase"]
[SourceQuality "1"]

{[%evp 16,79,-9,-43,51,56,64,48,78,77,77,72,98,98,99,88,91,89,102,102,102,102,112,102,102,33,53,35,81,0,54,22,104,120,170,170,175,170,267,120,620,361,376,369,751,764,720,698,29989,29990,29990,29991,29991,29992,29992,29992,29992,29993,29993,29994,29994,29995,29997,29998,29998,29999]} 1. d4 Nf6 2. c4 e6 3. Nc3 Bb4 4. a3 Bxc3+ 5. bxc3 c5 6. f3 Nc6 7. e4 d6 8. Be3 Qa5 9. Qd2 {LiveBook: 7 Games. E24: Nimzo-Indian: Sämisch: Unusual Black 5th moves and 5...c5 sidelines} e5 (9... b6 $15) (9... b6 10. Bd3 cxd4 11. cxd4 Qxd2+ 12. Kxd2 Na5 13. Rb1 Ba6 14. c5 Bxd3 15. Kxd3 dxc5 16. dxc5 O-O 17. Nh3 Rfd8+ 18. Ke2 Nc4 19. Rhc1 Nd7 20. Rxc4 {1-0 (20) Schramm,A (2530)-Hagen,T (2426) ICCF email 2014}) 10. d5 $14 Ne7 11. Bd3 {White is slightly better.} Bd7 12. Ne2 Ng6 13. O-O O-O-O 14. a4 Kb8 15. Rfb1 Ka8 $146 ({Predecessor:} 15... h6 16. Nc1 Ka8 {½-½ (27) Lehmann,H-Lokvenc,J Marianske Lazne 1960}) 16. Nc1 Rb8 17. Nb3 Qc7 18. a5 h5 19. Qf2 Rhc8 20. Nd2 (20. h4 $16) 20... h4 21. Bf1 Rh8 22. Rb6 (22. Nb3 $16) 22... Be8 (22... Nf4 $11) 23. Nb1 {[%cal Bd2b1,Bb1a3,Ba3b5][%mdl 32]} Nd7 (23... Nf4 $11 {remains equal.}) 24. Rb3 $16 Nf6 {[#]} 25. Na3 $1 Qd8 26. Nb5 Rc8 {[#]} (26... Bxb5 {was necessary.} 27. cxb5 Nf4) 27. Qb2 (27. Rab1 $1 $18) 27... Qe7 $2 {[%mdl 8192]} (27... Rb8 $16) 28. Rb1 Bxb5 29. cxb5 {[%cal Bc4b5,Bb5b6,Bb6b7][%mdl 32]} ({Not} 29. Rxb5 Rb8 $14) 29... Rcd8 $2 (29... c4) 30. b6 $18 a6 {[#]} 31. Bxa6 $1 {[%mdl 512]} bxa6 32. b7+ {White mates.} Kb8 33. Rb6 Ne8 34. Rxa6 Nc7 35. Rc6 Rd7 36. a6 Nxa6 37. Rxa6 Rxb7 38. Rb6 Rxb6 39. Qxb6+ Kc8 40. Qb8+ {Precision: White = 59%, Black = 36%.} 1-0

[Event "Satka Autumn 2018"]
[Site "Satka"]
[Date "2018.09.19"]
[Round "9"]
[White "Trapeznikova, Darya"]
[Black "Mironenko, Galina"]
[Result "1/2-1/2"]
[WhiteElo "2107"]
[BlackElo "2021"]
[Annotator "TA"]
[PlyCount "70"]
[EventDate "2018.09.11"]
[EventType "swiss"]
[EventCountry "RUS"]
[SourceTitle "playchess.com"]
[Source "ChessBase"]
[SourceQuality "1"]

{[%evp 12,70,97,97,88,86,177,107,259,232,218,7,39,11,8,0,26,25,97,61,62,38,52,56,52,53,183,180,164,161,162,117,127,117,146,122,127,94,76,76,86,82,76,27,84,0,0,0,0,0,0,0,0,0,0,0,0,0,0,0,0]} 1. d4 {[%cal Bd2d4,Bd4d5][%mdl 32]} Nc6 2. d5 Ne5 3. f4 Ng6 4. e4 e6 5. dxe6 fxe6 6. Nf3 {A40: Unusual replies to 1 d4} Bc5 7. Nc3 {LiveBook: 13 Games} a6 (7... Nf6 8. e5 Ng4 9. Ne4 Bb6 10. c4 Qe7 11. Qc2 Be3 12. g3 O-O 13. Bh3 Bxc1 14. Rxc1 {1-0 (22) Aronian,L (2767)-Caruana,F (2822) chess.com INT 2018}) 8. Bd3 {White is better.} b5 $146 (8... Nh6 $16) ({Predecessor:} 8... d6 9. g3 e5 10. f5 N6e7 11. Bc4 h6 12. Nxe5 dxe5 13. Bf7+ Kxf7 14. Qxd8 Bd6 15. Be3 b5 16. O-O-O Bb7 17. Rxd6 Rxd8 18. Rxd8 {1-0 (18) Ovetchkin,R (2543)-Malinin,V (2404) Sukhumi 2006}) 9. f5 $18 exf5 $2 (9... Nh4 $16) 10. Bg5 Be7 11. Bxe7 $2 (11. exf5 $18 Nh4 12. f6 Nxg2+ 13. Kf2 Nxf6 14. Kxg2) 11... Qxe7 12. O-O f4 13. Nd5 Qc5+ 14. Kh1 {aiming for b4.} N8e7 (14... Bb7 $1 $11 {remains equal.}) 15. Ng5 $36 {[%mdl 2048] Qh5 is the strong threat. White has the initiative.} Bb7 16. Qh5 {Threatens to win with Ne6!} Nxd5 17. exd5 O-O-O 18. Nf7 $1 {[%cal Rf7h8]} Bxd5 {[#]} (18... Rhe8 $14) 19. Be4 $1 {[%mdl 512]} Ne7 {[%cal Bg6e7,Be7d5,Bd5f6][%mdl 32]} (19... Bxe4 20. Qxc5) 20. Nxd8 Rxd8 21. Bxd5 Nxd5 {[#]} 22. Rxf4 $1 {[%mdl 512]} Qc6 (22... Nxf4 23. Qxc5) 23. Rf2 Nf6 24. Qf3 d5 25. Re2 Kb7 26. Rd1 Ne4 27. Rd4 Qh6 (27... Re8 $11 {keeps the balance.}) 28. Rexe4 (28. Kg1 $16 Qe6 29. c3) 28... dxe4 $11 {The position is equal.} 29. Qxe4+ $16 {[%mdl 4096] Endgame KQR-KQR} Kb6 {( -> ...Qc1+)} 30. h3 Rxd4 31. Qxd4+ Kb7 32. Qe4+ Kb6 33. Qd4+ Kb7 34. Qe4+ Kb6 35. Qd4+ Kb7 {Precision: White = 50%, Black = 29%.} 1/2-1/2

[Event "Satka Autumn 2018"]
[Site "Satka"]
[Date "2018.09.19"]
[Round "9"]
[White "Nosacheva, Mariya"]
[Black "Semenova, Elena"]
[Result "0-1"]
[WhiteElo "2073"]
[BlackElo "2219"]
[Annotator "TA"]
[PlyCount "80"]
[EventDate "2018.09.11"]
[EventType "swiss"]
[EventCountry "RUS"]
[SourceTitle "playchess.com"]
[Source "ChessBase"]
[SourceQuality "1"]

{[%evp 30,80,15,15,12,25,14,0,13,14,5,2,37,47,32,0,0,-100,-54,-223,-58,-167,-154,-151,-10,-178,-181,-460,-297,-260,-231,-238,-232,-727,-383,-1075,-768,-760,-751,-702,-670,-853,-685,-668,-470,-533,-540,-540,-539,-518,-470,-793,-797]} 1. e4 e5 2. Nf3 Nc6 3. Bb5 a6 4. Ba4 Nf6 5. O-O Be7 6. Re1 b5 7. Bb3 O-O 8. c3 d6 9. h3 Bb7 10. d4 Nd7 11. Nbd2 exd4 {C92: Closed Ruy Lopez: 9...Be6, Karpov and Flohr-Zaitsev Variations} 12. cxd4 Bf6 13. Nf1 Na5 14. Bc2 Re8 15. N1h2 (15. Ne3 Bxe4 16. Bd2 Bxc2 17. Qxc2 Nc4 18. Nxc4 Rxe1+ 19. Rxe1 bxc4 20. Qxc4 {½-½ (60) Shankland,S (2671)-Bu,X (2725) Liaocheng 2018}) 15... c5 16. Ng4 {LiveBook: 31 Games} Bxd4 17. Nxd4 cxd4 18. Qxd4 Rc8 19. Qd1 {[#]} h5 $146 20. Ne3 Bxe4 21. Bxe4 Rxe4 22. Qxd6 {Hoping for Rd1.} Nc5 $36 {[%cal Bd7c5,Bc5d3,Bd3b2][%mdl 2080] Black has some pressure.} 23. Qg3 (23. Rd1 $11 Qxd6 24. Rxd6) 23... Nc6 {White must now prevent ...Nd4.} 24. Qf3 $2 (24. Rd1 $15 Rd4 25. Qf3) 24... h4 $2 ({Black should try} 24... Nd4 $19 25. Qd1 Nce6) 25. Rd1 ({White should play} 25. b3 $15) 25... Nd4 $19 26. Qh5 {[#]} Qe8 (26... Nce6 $1 $17 {[%cal Re6f4]} 27. Rd2 Nf4) 27. Bd2 $2 {[#]} (27. Nd5 $11 {and White stays safe.}) 27... Nd3 $1 {[%cal Rd3f4]} 28. Rf1 $2 (28. Nd5) 28... Rc5 29. Qd1 Nxb2 30. Qb1 Nc4 31. Qb4 $2 (31. Qd1) 31... Rg5 32. Ng4 $2 (32. Nxc4 Rxg2+ 33. Kxg2) 32... a5 {Black is clearly winning.} 33. Qxc4 bxc4 34. Bxg5 f5 35. Ne3 Ne6 36. f3 Rd4 (36... Nxg5 $2 37. fxe4 Qxe4 38. Nxf5 $17) 37. Nxf5 Nxg5 38. Nxd4 Qe3+ 39. Kh1 Qxd4 40. Rad1 (40. Rac1 $142) 40... Qc5 {Precision: White = 15%, Black = 59%.} 0-1

[Event "Satka Autumn 2018"]
[Site "Satka"]
[Date "2018.09.19"]
[Round "9"]
[White "Filippova, Darya"]
[Black "Matsenko, Elena"]
[Result "1-0"]
[WhiteElo "2061"]
[BlackElo "1854"]
[Annotator "NA RC"]
[PlyCount "81"]
[EventDate "2018.09.11"]
[EventType "swiss"]
[EventCountry "RUS"]
[SourceTitle "playchess.com"]
[Source "ChessBase"]
[SourceQuality "1"]
[TimeControl "40/5400+30:1800+30"]

{[%evp 8,81,10,0,-3,0,10,-4,40,30,28,27,27,26,37,31,60,33,41,27,29,14,8,18,20,14,22,18,23,9,18,6,31,27,33,0,16,0,0,0,0,-28,-27,-39,-23,-45,-23,-28,0,0,8,0,18,8,9,0,33,14,23,14,12,0,16,0,20,0,222,231,254,189,418,461,858,954,1694,1990]} 1. c4 {[%emt 0:00:00]} Nf6 {[%emt 0:00:00]} 2. Nc3 {[%emt 0:00:00]} e6 {[%emt 0:00:00]} 3. Nf3 {[%emt 0:02:29]} d5 {[%emt 0:00:13]} 4. cxd5 {[%emt 0:00:49]} exd5 {[%emt 0:00:05]} 5. d4 {[%emt 0:00:06]} c6 {[%emt 0:00:22]} 6. Qc2 {[%emt 0:05:26]} Be7 {[%emt 0:04:20]} 7. Bf4 {[%emt 0:02:12]} Nbd7 {[%emt 0:00:51]} 8. h3 {[%emt 0:03:01]} Nf8 {[%emt 0:02:21]} 9. e3 {[%emt 0:03:16]} Ne6 {[%emt 0:00:25] D35: Queen's Gambit Declined: Exchange Variation} 10. Bh2 {[%emt 0:01:11] LiveBook: 7 Games} Bd6 {[%emt 0:02:29]} 11. Bxd6 {[%emt 0:01:54]} Qxd6 {[%emt 0:00:07]} 12. Bd3 {[%emt 0:01:17]} g6 {[%emt 0:00:24]} 13. O-O $146 {[%emt 0:00:53]} ({Predecessor:} 13. O-O-O Bd7 14. Kb1 O-O-O 15. Nb5 Qb4 16. Ne5 Kb8 17. Nc3 {½-½ (40) Parligras,M (2613)-Kuzubov,Y (2690) Hungary 2017}) 13... O-O {[%emt 0:00:12]} 14. Rab1 {[%emt 0:06:26]} Ng7 {[%emt 0:00:49]} 15. b4 {[%emt 0:02:31]} a6 {[%emt 0:01:49]} 16. Na4 {[%emt 0:02:33]} Bf5 {[%emt 0:00:58]} 17. Nc5 {[%emt 0:01:32]} Bxd3 {[%emt 0:01:23]} 18. Qxd3 {[%emt 0:00:35]} Qe7 {[%emt 0:00:34]} 19. Ne5 {[%emt 0:05:10]} Nf5 {[%emt 0:01:56]} 20. a4 {[%emt 0:04:34]} Nd6 {[%emt 0:00:34]} 21. Rfc1 {[%emt 0:02:05]} Rfe8 {[%emt 0:04:30]} 22. Rb3 {[%emt 0:04:25]} Kg7 {[%emt 0:05:14]} 23. Qe2 {[%emt 0:04:34]} Nfe4 {[%emt 0:01:55]} 24. f3 {[%emt 0:07:58]} Ng5 {[%emt 0:03:29]} 25. Qf2 {[%emt 0:10:23]} f6 {[%emt 0:00:51]} 26. Ng4 {[%emt 0:00:26]} h5 {[%emt 0:03:11]} 27. Nh2 $1 {[%emt 0:01:06]} Ngf7 {[%emt 0:04:06]} 28. Nf1 {[%emt 0:01:04]} f5 {[%emt 0:06:07]} 29. f4 {[%emt 0:03:14]} Qd8 {[%emt 0:07:12]} 30. Nd2 {[%emt 0:01:36]} Qe7 {[%emt 0:02:48]} 31. Nf3 {[%emt 0:03:34]} Ne4 {[%emt 0:04:41]} 32. Qe1 {[%emt 0:01:54]} Nfd6 {[%emt 0:02:15]} 33. Ne5 {[%emt 0:00:16]} Rac8 {[%emt 0:04:01]} 34. Ncd3 {[%emt 0:00:41]} Ra8 {[%emt 0:01:19]} 35. Rc2 {[%emt 0:00:45]} Rh8 {[%emt 0:03:03]} 36. Qc1 {[%emt 0:00:44]} Rad8 $2 {[%emt 0:03:19] [#]} (36... Rac8 $11 {und Schwarz ist OK.}) 37. b5 $1 {[%emt 0:01:30]} axb5 {[%emt 0:06:55]} 38. axb5 {[%emt 0:00:07]} Nc4 $2 {[%emt 0:04:39]} ({Viel schlechter ist} 38... Nxb5 {[#]} 39. Rxb5 $1 {[%mdl 512]} Rhg8 40. Ra5 $18) (38... Qh4 {war angesagt.} 39. bxc6 bxc6 40. Rxc6 Kh6) 39. bxc6 {[%emt 0:00:48]} Nxe5 {[%emt 0:02:00]} (39... bxc6 $142 40. Nxc6 Qh4 41. Nxd8 Rxd8 42. Rb7+ Kh6) 40. Nxe5 {[%emt 0:00:00]} Kh6 {[%emt 0:00:00]} 41. Rxb7 $18 {[%emt 0:01:21]} 1-0

[Event "Satka Autumn 2018"]
[Site "Satka"]
[Date "2018.09.19"]
[Round "9"]
[White "Sosnina, Ekaterina"]
[Black "Mikheeva, Galina"]
[Result "1-0"]
[WhiteElo "1955"]
[BlackElo "1767"]
[Annotator "NA RC"]
[PlyCount "141"]
[EventDate "2018.09.11"]
[EventType "swiss"]
[EventCountry "RUS"]
[SourceTitle "playchess.com"]
[Source "ChessBase"]
[SourceQuality "1"]
[TimeControl "40/5400+30:1800+30"]

{[%evp 8,141,54,38,52,56,72,85,86,59,56,22,29,21,32,4,0,0,28,-39,-34,-62,33,14,30,13,15,-30,0,-9,-6,5,-11,-26,4,4,79,11,77,74,91,62,169,174,179,171,191,173,189,191,190,180,200,205,214,191,191,147,226,236,276,254,261,262,329,231,243,192,212,166,202,241,250,201,217,206,237,241,32767,32767,32767,32767,32767,359,320,397,386,274,370,404,443,513,541,659,479,552,571,702,545,720,785,684,860,754,876,692,880,276,505,-549,588,1029,1302,572,616,750,1097,1018,995,1219,1025,5097,12833,5293,6436,5105,2605,29961,6515,29975,29976,29977,29979,29978,11702,29969]} 1. e4 {[%emt 0:00:00]} e5 {[%emt 0:00:00]} 2. Nf3 {[%emt 0:00:00]} Nc6 {[%emt 0:00:00]} 3. Bb5 {[%emt 0:00:00]} Nd4 {[%emt 0:00:00]} 4. Nxd4 {[%emt 0:00:00]} exd4 {[%emt 0:00:02]} 5. O-O {[%emt 0:00:00]} Bc5 {[%emt 0:01:20]} 6. Bc4 {[%emt 0:00:00]} h5 {[%emt 0:00:18] C61: Ruy Lopez: Bird's Defence} (6... Qh4 7. d3 Ne7 8. Nd2 O-O 9. c3 d5 10. exd5 Bg4 11. Nf3 Qh5 12. h3 Bxf3 13. Qxf3 Qxf3 14. gxf3 {½-½ (53) Sutovsky,E (2642)-Rapport,R (2693) Ashdod 2015}) 7. d3 {[%emt 0:27:08]} c6 {[%emt 0:00:20] LiveBook: 17 Games} 8. c3 {[%emt 0:08:24]} Ne7 {[%emt 0:10:20]} 9. Re1 {[%emt 0:21:14]} (9. Nd2 $16) 9... d5 $146 {[%emt 0:07:27]} ({Predecessor:} 9... d6 10. cxd4 Bxd4 11. Nc3 Ng6 12. Ne2 Bb6 13. d4 Qf6 14. Be3 Bg4 {½-½ (41) Blazeka,M (2163)-Rubil,M (2190) Sv Filip i Jakov 2011}) 10. exd5 {[%emt 0:00:08]} cxd5 {[%emt 0:00:05]} 11. Bb5+ {[%emt 0:00:18]} Kf8 {[%emt 0:00:49]} 12. Bg5 {[%emt 0:02:18]} f6 {[%emt 0:00:41]} 13. Bd2 {[%emt 0:06:12]} Bg4 {[%emt 0:11:09]} 14. Qc2 {[%emt 0:13:31]} dxc3 {[%emt 0:03:25]} ({Black should try} 14... a6 $15 15. Ba4 Rc8) 15. Nxc3 {[%emt 0:05:19]} Rc8 {[%emt 0:01:32]} 16. d4 {[%emt 0:02:58]} Bxd4 {[%emt 0:03:41]} 17. Qa4 {[%emt 0:00:05]} Bc5 {[%emt 0:03:18]} 18. h3 {[%emt 0:01:50]} Bf5 {[%emt 0:00:11]} 19. Rad1 {[%emt 0:01:30]} a6 {[%emt 0:03:43]} 20. Bf1 {[%emt 0:00:19]} Qd7 {[%emt 0:18:14]} 21. Qb3 {[%emt 0:00:28]} Qc6 {[%emt 0:00:30]} (21... b5 $11 {remains equal.}) 22. Rc1 {[%emt 0:04:14]} (22. Be3 $16 Bd6 23. Be2) 22... Qb6 {[%emt 0:09:01]} (22... Kf7 $11) 23. Qxb6 {[%emt 0:00:06]} Bxb6 {[%emt 0:00:05] [#]} 24. Rxe7 $1 {[%emt 0:00:13]} Kxe7 {[%emt 0:05:42]} (24... Bxf2+ $16 25. Kxf2 Kxe7) 25. Nxd5+ {[%emt 0:00:05]} Kd6 {[%emt 0:00:41]} 26. Nxb6 {[%emt 0:01:37]} Rxc1 {[%emt 0:00:06]} 27. Bxc1 {[%emt 0:00:04]} Re8 {[%emt 0:04:04]} 28. Be3 {[%emt 0:00:21]} Kc6 {[%emt 0:02:13]} 29. Nc4 {[%emt 0:01:04]} Rd8 {[%emt 0:01:43]} 30. Be2 {[%emt 0:00:52]} Be6 {[%emt 0:05:23]} 31. Na5+ {[%emt 0:00:58]} Kc7 {[%emt 0:00:23]} 32. Bf3 {[%emt 0:01:14]} ({Inferior is} 32. Bxh5 Rd5 $15) 32... b6 {[%emt 0:01:29]} (32... Bd5 $16 33. Bxh5 Bxa2) 33. Nc6 {[%emt 0:00:12]} Rh8 {[%emt 0:04:03]} 34. a3 {[%emt 0:01:24]} Bc4 {[%emt 0:01:16]} 35. Nd4 {[%emt 0:00:58]} g5 {[%emt 0:01:27]} 36. b3 {[%emt 0:00:04]} Bf7 {[%emt 0:00:34]} 37. Nf5 {[%emt 0:01:09]} Bxb3 {[%emt 0:01:04]} 38. Bd4 {[%emt 0:00:50]} Rf8 {[%emt 0:01:36]} 39. Bxh5 {[%emt 0:00:24]} Be6 {[%emt 0:00:39]} 40. Ne3 {[%emt 0:00:00]} a5 {[%emt 0:00:00]} 41. Be2 {[%emt 0:00:54]} Kc6 {[%emt 0:01:37]} 42. a4 {[%emt 0:02:53]} f5 {[%emt 0:01:09]} 43. Bb5+ {[%emt 0:10:54]} Kc7 {[%emt 0:00:19]} 44. Nc2 {[%emt 0:02:24]} Bb3 {[%emt 0:03:17]} 45. Be5+ {[%emt 0:00:33]} Kb7 {[%emt 0:00:18]} 46. Nd4 {[%emt 0:00:05]} Bd5 {[%emt 0:00:21]} 47. Bd6 {[%emt 0:02:31]} Rh8 {[%emt 0:02:01]} 48. Nxf5 {[%emt 0:00:16]} Bc6 {[%emt 0:00:15]} 49. Be5 {[%emt 0:00:47]} Rf8 {[%emt 0:01:17]} 50. Nd6+ {[%emt 0:01:22]} Kc7 {[%emt 0:00:06]} 51. Ne4+ {[%emt 0:04:35]} Kb7 {[%emt 0:00:15]} 52. Bxc6+ {[%emt 0:01:08]} Kxc6 {[%emt 0:00:04]} 53. Nxg5 {[%emt 0:00:05]} Re8 {[%emt 0:00:53]} 54. f4 {[%emt 0:00:06]} b5 {[%emt 0:00:18]} 55. axb5+ {[%emt 0:00:06]} Kxb5 {[%emt 0:00:04]} 56. Ne4 {[%emt 0:00:35]} Kb4 {[%emt 0:00:45]} 57. Bc3+ $2 {[%emt 0:02:56]} (57. h4 a4 58. Kf2) 57... Kb3 $2 {[%emt 0:02:46]} (57... Kc4 {is a better defense.} 58. Be5 (58. Bxa5 Rxe4 59. Bc7 Re1+ 60. Kf2 Rh1 $18) 58... Re6) 58. Nf6 $4 {[%emt 0:02:51]} (58. Bxa5 $18 {was the only winning move.} Rxe4 59. Bc7) 58... Re6 $4 {[%emt 0:05:00]} (58... Kxc3 $19 {and all is fine.} 59. Nxe8 a4) 59. f5 {[%emt 0:00:07]} Rc6 {[%emt 0:00:36]} (59... Re7 $142 60. Bxa5 Rf7) 60. Bxa5 {[%emt 0:00:06]} Rxf6 {[%emt 0:00:07]} 61. g4 {[%emt 0:00:03]} Kc4 {[%emt 0:00:05]} 62. Bd8 {[%emt 0:00:17]} Rf8 {[%emt 0:00:05]} 63. Be7 {[%emt 0:00:04]} Rf7 {[%emt 0:00:06]} 64. f6 {[%emt 0:00:07]} Kd5 {[%emt 0:00:18]} 65. Kg2 {[%emt 0:02:13]} Ke6 {[%emt 0:00:35]} 66. Kg3 {[%emt 0:00:16]} Rh7 {[%emt 0:00:34] [#]} 67. h4 $1 {[%emt 0:00:38]} Kf7 {[%emt 0:00:09]} 68. h5 {[%emt 0:00:36]} Rh8 {[%emt 0:00:27] [#]} 69. Kh4 $1 {[%emt 0:00:51]} Ra8 {[%emt 0:00:23] [#]} 70. g5 $1 {[%emt 0:00:16]} Ra4+ {[%emt 0:00:06]} 71. Kg3 {[%emt 0:00:06]} 1-0

[Event "Satka Autumn 2018"]
[Site "Satka"]
[Date "2018.09.19"]
[Round "9"]
[White "Nasybullina, Dayana"]
[Black "Schepetkova, Margarita"]
[Result "1/2-1/2"]
[WhiteElo "1809"]
[BlackElo "2238"]
[Annotator "TA"]
[PlyCount "75"]
[EventDate "2018.09.11"]
[EventType "swiss"]
[EventCountry "RUS"]
[SourceTitle "playchess.com"]
[Source "ChessBase"]
[SourceQuality "1"]

{[%evp 11,75,1,38,4,8,4,32,10,33,16,32,25,42,15,43,33,52,6,66,4,14,4,10,0,26,0,0,0,0,-22,68,75,122,104,91,31,47,21,154,144,149,142,141,146,162,156,161,150,145,148,139,141,222,221,226,222,220,0,219,176,172,0,205,0,166,0]} 1. e4 c6 2. d4 d5 3. exd5 cxd5 4. Nf3 Nf6 5. Ne5 Nc6 6. Bb5 {B13: Caro-Kann: Exchange Variation and Panov-Botvinnik Attack} Qb6 {LiveBook: 4 Games} (6... Bd7 $5) (6... Bd7 7. Nxd7 Qxd7 8. c3 e6 9. O-O Bd6 10. Nd2 O-O 11. Re1 a6 12. Bd3 e5 13. dxe5 Nxe5 {1-0 (52) Kramnik,V (2787)-Caruana,F (2811) Wijk aan Zee 2018}) 7. Nc3 e6 8. O-O {The position is equal.} Be7 9. Re1 O-O 10. Bxc6 bxc6 11. Na4 $146 ({Predecessor:} 11. Re3 Ba6 {1-0 (42) Arnott,J (2188)-Mellor,S Sheffield 2011}) 11... Qb5 12. c3 Ne4 13. f3 Nf6 14. b3 Re8 ({Better is} 14... Nd7 $11) 15. Be3 (15. Bg5 $14) 15... Nd7 $11 16. c4 dxc4 17. Nxc4 Nb6 {[#] White must now prevent ...Nxa4.} 18. Naxb6 axb6 19. a4 Qa6 $1 20. a5 b5 (20... bxa5 $11 21. Rxa5 Qb7) 21. Nb6 $36 {[%mdl 2048] White is really pushing.} Rb8 22. Qc2 Bb7 23. Red1 (23. Bf4 $16) 23... Rbd8 24. Bf4 Bd6 (24... c5 $1 $11 {remains equal.}) 25. Bxd6 $16 Rxd6 26. b4 Red8 27. Qc5 h6 28. Rd3 Qa7 {[#]} 29. Nd7 $1 {[%mdl 512]} Qxc5 (29... R6xd7 30. Qxa7) 30. Nxc5 Ba8 31. Rad1 f6 (31... Kf8 $16 32. a6 Rd5) 32. Kf2 Kf7 33. Ke3 Rd5 34. Kf2 $2 (34. a6 $18) 34... R8d6 $2 (34... R5d6 $1 $11 {and Black has nothing to worry.}) 35. Ne4 Rd8 36. Nc5 R8d6 37. Ne4 Rd8 38. Nc5 $2 {Precision: White = 36%, Black = 38%.} ({White should play} 38. a6 $18) 1/2-1/2